000 00288nam a22001337a 4500
008 170508b xxu||||| |||| 00| 0 eng d
020 _a0321104803
041 _aeng
080 _28TH
_a34
100 _a15
101 _aSHJ
245 _aLAW AMONG NATIONS
_cGLABN, G.V
942 _2udc
_cBK
999 _c12971
_d12971